[Event "Charlotte Spring Classic 2021"]
[Site "Charlotte"]
[Date "2021.03.29"]
[Round "5.5"]
[White "Liang, Jason"]
[Black "Tsyganov, Igor"]
[Result "1-0"]
[WhiteElo "2342"]
[BlackElo "2221"]
[Annotator "TA"]
[PlyCount "86"]
[EventDate "2021.03.22"]
[EventType "swiss"]
[EventCountry "USA"]
[SourceTitle "playchess.com"]
[Source "ChessBase"]
[SourceQuality "1"]

{[%evp 10,86,10,0,17,16,18,8,23,9,31,27,27,27,27,30,23,8,36,33,52,47,42,40,41,41,47,49,41,52,38,12,103,77,97,97,97,83,114,101,124,83,75,78,73,83,67,63,131,108,108,92,121,119,129,129,177,177,173,141,214,208,223,171,246,141,179,175,357,285,381,361,321,392,608,582,561,587,515]} 1. e4 c5 2. Nc3 Nc6 3. Bb5 Nd4 4. Nf3 Nxb5 5. Nxb5 d6 6. d4 a6 {B23: Closed Sicilian: Lines without g3.} 7. Nc3 cxd4 8. Qxd4 e5 {The position is equal.} 9. Qb4 Ne7 10. O-O Nc6 {[#]} 11. Qb3 $146 ({Predecessor:} 11. Qa3 Be7 12. Nd5 O-O 13. Be3 f5 14. Bb6 Qd7 15. exf5 Rxf5 16. Rad1 Bf8 17. Rfe1 {1-0 (31) Hendrickson,N (2168)-Greeuw,S (1949) Helsingor 2014}) 11... Na5 12. Qd5 Be6 13. Qd2 Be7 14. b3 b5 15. Nd5 Bxd5 16. Qxd5 O-O 17. Bd2 Qb6 18. c4 Nc6 19. Be3 Qb7 20. Nd2 Na5 (20... Rfb8 $11) 21. Rfc1 Qxd5 22. cxd5 ({But not} 22. exd5 f5 $14) 22... Rfc8 23. Kf1 Kf8 24. Ke2 Ke8 25. Rxc8+ Rxc8 26. a4 {Threatens to win with axb5.} b4 27. Bb6 Nb7 28. Nc4 Bd8 ({Black should play} 28... g6 $14) 29. Be3 Kd7 30. Rc1 f6 31. f3 g6 32. g4 Nc5 33. Bxc5 Rxc5 $18 {[%mdl 4096] Endgame KRB-KRN} 34. Kd3 Bc7 {[#]} (34... Rc8 $16 {was worth a try.} 35. h4 a5) 35. Rc2 $1 Bd8 36. h3 Bc7 {[#]} (36... Rc8 $142 37. h4 a5) 37. Rh2 (37. Ne3 $1 $18) 37... Bd8 38. h4 h5 $2 (38... Bc7 {is a better defense.} 39. g5 Ke7) 39. Rg2 f5 40. gxf5 gxf5 41. Rg7+ ({Inferior is} 41. exf5 Rxd5+ 42. Ke2 Rd4 $11) 41... Be7 (41... Ke8 $142 42. Nxd6+ Kf8 43. Rf7+ Kg8 44. Rxf5 {[%mdl 64] Double Attack} Rc3+ 45. Ke2 Be7) 42. Rh7 Ke8 43. Rxh5 Bf8 {Weighted Error Value: White=0.12/Black=0.32} 1-0

[Event "Charlotte Spring Classic 2021"]
[Site "Charlotte"]
[Date "2021.03.29"]
[Round "5.7"]
[White "Vigorito, David"]
[Black "Panuganti, Kireet"]
[Result "1-0"]
[WhiteElo "2339"]
[BlackElo "1962"]
[Annotator "TA"]
[PlyCount "117"]
[EventDate "2021.03.22"]
[EventType "swiss"]
[EventCountry "USA"]
[SourceTitle "playchess.com"]
[Source "ChessBase"]
[SourceQuality "1"]

{[%evp 24,117,20,26,86,85,87,28,59,62,61,75,64,24,21,25,18,0,60,64,56,61,83,74,83,78,80,83,85,77,85,87,124,70,118,110,108,93,164,164,162,149,165,165,191,181,182,167,185,186,264,112,215,125,267,250,250,250,250,243,285,275,322,275,275,274,285,285,433,433,659,594,657,419,379,181,181,181,181,116,116,103,103,103,103,103,158,158,29980,29981,29987,29988,29988,29989,29989,29990]} 1. d4 Nf6 2. c4 e6 3. g3 d5 4. Nf3 Be7 5. Bg2 O-O 6. O-O c6 7. Qc2 Nbd7 8. Bf4 Nh5 9. Bc1 Nhf6 10. Rd1 b6 11. Bf4 Bb7 {11...dxc4 is the recent fashion.} 12. Ne5 Rc8 13. Nc3 c5 {E08: Closed Catalan: Main Line: 7 Qc2.} (13... Nh5 $11) 14. cxd5 $16 exd5 15. dxc5 {[#]} ({White should try} 15. e3 $16) 15... Bxc5 $146 {White has an edge.} ({Predecessor:} 15... Nxe5 16. Bxe5 Bxc5 17. e3 Qe7 18. Qf5 Qe6 19. Bh3 Rcd8 20. Qxe6 fxe6 21. Bxe6+ Kh8 22. Bxf6 Rxf6 23. Bxd5 {1-0 (46) Abrantes,T (2107)-De Souza,C (1824) Sao Paulo 2014}) 16. Qa4 Nxe5 17. Bxe5 Qe7 18. Bxf6 ({Much weaker is} 18. Qxa7 Ng4 $15) 18... Qxf6 19. e3 Bc6 20. Qg4 Rcd8 ({Better is} 20... h5 $11 21. Qf4 (21. Qxh5 d4 $11) 21... Qxf4 22. gxf4 d4 23. exd4 Bd6) 21. Qf3 Qe5 22. Qf4 Qe6 23. Rac1 Bd6 24. Qf3 Be5 25. Nxd5 {aiming for Rxc6!} Bxd5 26. Rxd5 Bxb2 27. Rc7 a5 28. Qd1 (28. Rxd8 $1 $16 Rxd8 29. Bf1) 28... Rc8 29. Rxc8 Qxc8 30. Qb3 Bf6 (30... Bc3 $16) 31. Qxb6 $18 a4 32. Rc5 Qg4 33. Qc6 Qd1+ 34. Bf1 a3 35. Kg2 h5 36. h4 Rb8 (36... Qg4 {is a better defense.} 37. Ra5 Rc8) 37. Rc1 (37. Bc4 $18) 37... Qg4 (37... Qd8 $16 {was worth a try.} 38. Bc4 Bb2) 38. Bd3 (38. Bc4 $18 {Black must now prevent Bxf7+!} Bb2 39. Bxf7+ $1 {[%mdl 512]} Kxf7 40. Qd5+ Kg6 41. Qd6+ {[%mdl 64] Double Attack} Kh7 42. Qxb8 Bxc1 43. Qb1+ {[%mdl 64] Double Attack} Qg6 44. Qxc1) 38... Bb2 (38... Rd8 $16) 39. Rc4 $40 {[%mdl 128] White is out for blood.} Qe6 40. Qxe6 fxe6 {[%mdl 4096] Endgame KRB-KRB} 41. Bg6 Rd8 42. Bxh5 Rd2 43. Bg6 {White wants to mate with Rc8+.} Kf8 44. Rc2 Rxc2 45. Bxc2 {KB-KB} Kf7 (45... e5 $142 46. g4 Kf7) 46. f4 Kf6 (46... Bc1 $142 47. Kf3 Bd2) 47. Kf3 Bc3 48. g4 Kf7 49. e4 (49. g5 $142) 49... e5 50. Bb3+ Ke7 51. f5 (51. Bc4 $18) 51... Be1 $16 52. g5 Bxh4 53. Kg4 $1 {[%cal Rg4h4]} Be1 54. Kh5 Kf8 (54... Bd2 $142 55. Kg6 Be3) 55. Kg6 Bb4 $2 {[#]} (55... Bd2 $16 56. f6 gxf6) 56. Kh7 $1 {White mates.} Bd2 {[#]} 57. f6 $1 g6 58. Kxg6 Bf4 59. Kf5 {Weighted Error Value: White=0.16/Black=0.46} 1-0

[Event "Charlotte Spring Classic 2021"]
[Site "Charlotte"]
[Date "2021.03.29"]
[Round "5.8"]
[White "Wu, Derek"]
[Black "Amburgy, Ryan"]
[Result "0-1"]
[WhiteElo "2190"]
[BlackElo "2019"]
[Annotator "TA"]
[PlyCount "96"]
[EventDate "2021.03.22"]
[EventType "swiss"]
[EventCountry "USA"]
[SourceTitle "playchess.com"]
[Source "ChessBase"]
[SourceQuality "1"]

{[%evp 15,96,3,15,23,20,22,100,-5,-5,0,0,3,10,0,2,-6,7,0,8,0,0,0,0,0,0,0,0,0,0,0,0,-23,-5,-82,-77,-135,-135,-269,-271,-245,-85,-135,-135,-135,-118,-185,-177,-177,-151,-173,-169,-176,-170,-170,-177,-177,-170,-171,-167,-410,-402,-506,-492,-504,-496,-621,-581,-559,-551,-590,-550,-584,-566,-935,-918,-892,-884,-1064,-1045,-1048,-1039,-2210,-2131]} 1. d4 Nf6 2. c4 e6 3. Nf3 b6 4. g3 Ba6 5. b3 Bb4+ 6. Bd2 Be7 7. Nc3 d5 {Nowadays more popular than 7...0-0.} 8. cxd5 exd5 9. Bg2 {E15: Queen's Indian: 4 g3 sidelines, 4 g3 Ba6 and 4 g3 Bb7 early deviations.} c6 10. Ne5 Nfd7 (10... O-O $11) 11. Nxd7 ({Better is} 11. Nxd5 $1 $16 Nxe5 12. Nxe7 Qxe7 13. dxe5) 11... Nxd7 $11 12. O-O O-O 13. Re1 Nf6 14. Qc2 Rc8 15. Rad1 {[#]} h6 $146 ({Predecessor:} 15... Bb4 16. Ne4 Be7 17. Ng5 h6 18. Nf3 c5 19. Qb2 Ne4 20. Bf4 c4 21. bxc4 Rxc4 {½-½ (46) Sangadzhiev,G (2159)-Shevchenko,I (2105) Elista 2008}) 16. Bf4 Bd6 17. Be5 Re8 18. Qf5 Bb4 19. Bxf6 Qxf6 20. Qxf6 gxf6 21. Rc1 Kg7 22. e3 Bd3 23. Bf1 Bf5 24. Red1 (24. Re2 $11) 24... Ba3 $17 25. Ba6 (25. Rb1 $142) 25... Rb8 26. Ne2 (26. Bf1 $17) 26... Bxc1 $19 27. Rxc1 Bd7 (27... b5 $1 $19 {is more deadly. Hoping for ...Rb6.} 28. Rxc6 Re6 29. Rxe6 fxe6) 28. Bd3 Kf8 29. Nf4 Ke7 30. b4 (30. f3 $17) 30... a5 31. bxa5 b5 32. e4 dxe4 33. Bxe4 {[#]} Kd6 $1 34. Bf3 Ra8 35. Nh5 f5 36. Nf6 {[#]} Rec8 $1 {Threatens to win with ...Be6.} 37. a3 $2 (37. Nxd7 Kxd7 38. Bd1) 37... Be6 38. h3 Rxa5 {Black is clearly winning.} 39. Rc3 Bc4 40. Bd1 Ke6 41. Nh5 Kd5 42. Bc2 Kxd4 43. Rf3 Rca8 44. Ng7 Rxa3 45. Nxf5+ Kc5 46. Ne3 Bd5 47. Rf5 Ra1+ 48. Bd1 {[#]} Rxd1+ $1 {[%mdl 64] Clearance.  Weighted Error Value: White=0.57/Black=0.12} 0-1

[Event "Charlotte Spring Classic 2021"]
[Site "Charlotte"]
[Date "2021.03.29"]
[Round "5.9"]
[White "Wu, Rochelle"]
[Black "Johnson, Donald"]
[Result "0-1"]
[WhiteElo "2126"]
[BlackElo "1881"]
[Annotator "TA"]
[PlyCount "70"]
[EventDate "2021.03.22"]
[EventType "swiss"]
[EventCountry "USA"]
[SourceTitle "playchess.com"]
[Source "ChessBase"]
[SourceQuality "1"]

{[%evp 9,70,-1,5,2,0,-2,6,0,7,-34,-20,-27,-8,-76,-18,-33,28,18,49,40,61,70,78,62,81,47,133,12,27,12,22,22,14,23,15,-54,-36,-43,9,12,15,22,44,0,0,-196,-174,-191,-175,-168,-166,-400,-412,-1278,-1276,-1259,-1183,-1115,-956,-895,-888,-770,-812]} 1. d4 Nf6 2. Bg5 e6 3. Nd2 c5 4. e3 d5 5. c3 h6 6. Bh4 {D00: 1 d4 d5: Unusual lines.} Nbd7 7. Bd3 e5 {[#]} 8. dxc5 $146 {The position is equal.} ({Predecessor:} 8. Ne2 Be7 9. O-O O-O 10. Bg3 exd4 11. exd4 Re8 12. dxc5 Nxc5 13. Bb5 Bd7 14. Bxd7 Qxd7 {0-1 (47) Vitiugov,N (2722)-Svidler,P (2765) St Petersburg 2017}) 8... Nxc5 9. Bc2 Be6 10. Ngf3 Bd6 11. h3 (11. O-O $11) 11... O-O (11... g5 $17 12. Bg3 Qc7) 12. O-O $11 e4 ({Better is} 12... g5 $15 13. Bg3 Qc7) 13. Nd4 g5 14. Bg3 Bxg3 15. fxg3 g4 {[#]} 16. h4 Qe7 17. Qe2 Ncd7 (17... Kh7 $14) 18. N2b3 (18. c4 $16) 18... Qd6 19. Rf4 Kh8 20. Raf1 Nh5 {[%mdl 64] Double Attack} 21. Nxe6 Qxe6 22. Rxg4 (22. Nd4 $1 $11 Nxf4 23. Rxf4) 22... Ndf6 {[%cal Bd7f6,Bf6g4,Bg4e3][%mdl 32]} 23. Rgf4 Nxf4 ({Black should try} 23... Nxg3 $15 24. Qf2 Nfh5) 24. Rxf4 Rg8 25. Nd4 Qe5 26. g4 Rg6 $1 {Threatens to win with ...Rag8.} 27. Nf5 $2 {[#]} (27. h5 $1 $11 Rg5 28. Bd1) 27... Nxg4 $1 $19 {[%mdl 512]} 28. Bd1 {[#]} Rag8 $1 {Strongly threatening ...Nxe3!} 29. Qf1 {[#]} Qxf5 {[%mdl 576] Remove Defender, Decoy} 30. Rxf5 (30. Bxg4 Qe5 31. Bh3) 30... Nxe3 {[%mdl 64] Double Attack, Discovered Attack} 31. Qe1 (31. Qf4 {leads to mate.} Rxg2+ 32. Kh1 Rg1+ 33. Kh2 R8g2+ 34. Kh3 Rh1+ 35. Qh2 Rhxh2#) (31. g4 $142 Nxf1 32. Kxf1) 31... Rxg2+ {[%mdl 64] Double Attack. Black is clearly winning.} ({Not} 31... Nxf5 32. g4 $17) 32. Kh1 Nxf5 33. c4 Rg1+ 34. Qxg1 Rxg1+ 35. Kxg1 d4 {Weighted Error Value: White=0.54/Black=0.24} 0-1

[Event "Charlotte Spring Classic 2021"]
[Site "Charlotte"]
[Date "2021.03.28"]
[Round "5.10"]
[White "Brady, Tyson"]
[Black "Singh, Hersh"]
[Result "1-0"]
[WhiteElo "1766"]
[BlackElo "2131"]
[Annotator "TA"]
[PlyCount "57"]
[EventDate "2021.03.22"]
[EventType "swiss"]
[EventCountry "USA"]
[SourceTitle "playchess.com"]
[Source "ChessBase"]
[SourceQuality "1"]

{[%evp 12,57,41,24,20,29,31,35,35,28,31,33,76,28,45,18,45,40,42,26,39,36,73,15,29,25,46,41,63,0,143,134,406,398,395,390,596,572,589,570,877,862,5190,5174,4978,2072,1374,819]} 1. e4 e5 2. Nf3 Nc6 3. Bb5 g6 4. O-O Bg7 5. c3 a6 6. Ba4 d6 7. h3 Nge7 {C60: Ruy Lopez: Unusual Black 3rd moves and 3...g6.} 8. d4 exd4 9. cxd4 b5 {White is slightly better.} 10. Bc2 O-O 11. Nc3 h6 12. d5 Na5 13. Nd4 {[#]} c5 $146 ({Predecessor:} 13... Bb7 14. Rb1 c6 15. dxc6 Nexc6 16. Nxc6 Bxc6 17. Bf4 Nc4 18. Bb3 Re8 19. Bxc4 bxc4 {0-1 (38) Polzin,R (2416)-Rasmussen,A (2498) Berlin 2015}) 14. dxc6 Nexc6 15. Nxc6 Nxc6 16. Be3 $36 {[%mdl 2048] White has the initiative.} Bb7 17. Nd5 (17. Bb3 $16) 17... Ne5 $11 18. Bb3 Rc8 19. Rc1 Kh7 20. f4 (20. Qd2 $14) 20... Nc6 (20... Rxc1 $11 {keeps the balance.} 21. Qxc1 (21. Bxc1 Nd7 $11) 21... Nd3) 21. f5 $16 {Hoping for f6.} Be5 {[%mdl 8192] A mistake that costs the game.} (21... Ne5 $16 {was worth a try.} 22. Rxc8 Qxc8) 22. f6 $18 Re8 23. Qg4 {White threatens Qh4! and mate.} Bd4 {[#]} (23... Nd4 $142 24. Rcd1 Bxd5 25. Bxd5 Ne6 26. Bxh6 Bxf6) 24. Rxc6 $1 {[%mdl 512] White is clearly winning.} Bxe3+ 25. Nxe3 Bxc6 26. Bxf7 {[%mdl 64] Double Attack} Bxe4 27. Bxe8 Qxe8 28. f7 Qf8 {[#]} 29. Qxc8 $3 {[%mdl 576] Promotion.  Weighted Error Value: White=0.13/Black=0.52} 1-0